00502nam a22001457a 450000500170000000800410001704100130005808200160007110000410008724500970012825000200022526000510024530000340029665000260033020240116071013.0231107b |||||||| |||| 00| 0 eng d aEnglish  a346.43 NEW  aDe Beer, WV and Rorke, RF lEnglish  aNewall's Law and Practice of Deeds Registration with precedents / cWV De Beer and RF Rorke  aSecond Edition  aDurban : bButterworth and Company Ltd, c1964 bxxxii, 588 pages ; c25,8 cm. aLegal practice bLaw